000 00309nam a22001217a 4500
008 230704b xxu||||| |||| 00| 0 eng d
082 _a341.754
_bEAC
110 _bEAC
245 _aProtocol on the Establishment of the East African community Customs Union
260 _bEAC
300 _a41p
942 _2ddc
_cBK
999 _c3853
_d3853